1761 1605 1924 1165 1111 1478 1688 1196 1148 1767 1167 1049 1742 1421 1754 1732 1351 1467 1656 1332 1090 1789 1557 1252 1453 1415 1209 1476 1642 1183 1386 1910 1251 1012 1008 1674 1154 1878 1448 1417 1148 1522 1296 1309 1896 1333 1407 1019 1619 1567 1377 1727 1704 1243 1734 1053 1492 1239 1573 1727 1040 1751 1304 1106 1803 1551 1914 1711 1881 1769 1614 1496 1397 1896 1282 1439 1684 1770 1961 1911 1550 1943 1738 1080 1607 1234 1672 1328 1464 1038 1847 1068 1667 1517 1715 1390 1889 1728 1986 BCNSPRNW ULIB Ver.6.0+V

เปลี่ยนเป็นภาษาไทย

Change to English
 แสดงรายละเอียดบรรณานุกรม
  กลับหน้าหลัก

Brief Record : Get Marc (ISO 2709) : E-mail record : QR code < ปิดหน้าต่าง
LEADER : 00000nam 2200000uu 4500
001    13399113556
003     ULIB
008    110627s2552||||th 000 0 tha d
020    9786160600625
090    นว.^bT111ก 2552
100 0  The Little Finger
245 00 กบฏหน้าใสล็อกหัวใจไว้เคียงรัก/^cThe Little Finger
250    พิมพ์ครั้งที่ 1
260    กรุงเทพฯ :^bแจ่มใส,^c2552
300    232 หน้า
710 1  แจ่มใส
945    ^p169^l0^i026738
995    ทศพร
999 ^a ใช้งานได้ทุกระบบ
รายการนี้ยังไม่มีแท็ก
คุณยังไม่ได้ล็อกอิน คุณสามารถมีกิจกรรมร่วมกับเว็บไซต์ได้ แต่ต้องล็อกอินก่อน ::
  ล็อกอิน

รายการสื่อสารสนเทศ

ลำดับที่ ประเภท เลขเรียก/บาร์โค้ด สถานที่ สถานะ
1. นวนิยาย
นวนิยาย
นว. T111ก 2552 ฉ.1 
  Barcode: 026738
ห้องสมุดวิทยาเขตสวรรค์ประชารักษ์
►นวนิยาย
บนชั้น
  ขอยืม

รายการใกล้เคียง
    ผู้แต่ง [The Little Finger]

BibComment


ยังไม่เคยถูกคอมเมนท์

คอมเมนท์ทรัพยากรรายการนี้
  คอมเมนท์: กบฏหน้าใสล็อกหัวใ..


 Copyright 2026. Bcnsprnw @Library